Statistics for Top 10 des pays les plus paisibles

Click here to take the quiz!

General Stats

  • This quiz has been taken 59 times
  • The average score is 5 of 10

Answer Stats

Hint Answer % Correct
#7Suisse
77%
#8Canada
63%
#1Islande
58%
#4Nouvelle-Zélande
58%
#2Danemark
54%
#9Japon
46%
#3Autriche
37%
#5Portugal
32%
#10Slovénie
25%
#6République Tchèque
7%

Score Distribution

Percentile by Number Answered

Percent of People with Each Score

Your Score History

You have not taken this quiz